000 00728nam a22002417a 4500
001 113364
003 DR-UNIBE
005 20250415093851.0
008 250324b2007 ck ||||| |||| 00| 0 spa d
020 _a9789586535656
040 _aBIBLIOTECA UNIBE
_cBIBLIOTECA UNIBE
_erda
_bspa
041 _aspa
082 _a 342 C718c
110 2 _aColombia
_9193358
245 _aConstitución política de Colombia
260 _aBogotá :
_bLegis Editores,
_c2007
300 _a661 páginas
490 _aColección códigos básicos
650 7 _2lemb
_aConstitución
_zColombia
_9194254
700 1 _a Barreto R., José Vicente
_eeditor
_9193361
700 1 _aSimbaqueva Vásquez, Édgar
_eeditor
_9193362
942 _2ddc
_cBK
999 _c113364
_d113364